00877nam a2200205 u 450000100100000000500170001000800410002704000250006808200210009310000480011424500590016226000850022130000200030659000260032665000300035265000320038295201180041495201240053299900150065600000213920200929145839.0100813s1967 dr 000 0 spa d aDO-SdBNPbspacBNPHU aRD861. 44bR696c1 aRodríguez Guevara, Narciso S.d19239685310aCaminos :bpoemario /cNarciso S. Rodríguez Guevara. aCaracas, Venezuela :bEdiciones Casa de la Cultura del Estado de Miranda,c1967. a22 p. ;c23 cm. aInventariado, 2018/VM 4aPoesía venezolana94230 4aLiteratura venozolana96854 0010718PDaGRbGRcHDd2009-09-16iLF1l0oRD861. 44 R696cp2139-10r2020-06-25w2020-06-25yLFPDZNo se presta 0011718PDaGRbGRcMId2017-05-31iLF1l0oRD861. 44 R696cp2139-20r2020-06-25te. 2w2020-06-25yLFPDZNo se presta c1991d1991